| 000 | 00573nam a2200205Ia 4500 | ||
|---|---|---|---|
| 003 | OSt | ||
| 005 | 20240729164125.0 | ||
| 008 | 210210b2018 xxu||||| |||| 00| 0 eng d | ||
| 040 | _cAL | ||
| 041 | _aKonkani | ||
| 082 | _a891.463 PYAB | ||
| 100 |
_aPYATRIK (M) Psued Patrick Moras _dಪ್ಯಾಟ್ರಿಕ್ ಮೊರಾಸ್ _9174470 |
||
| 245 |
_aBesavm _bಬೆಸಾಂವ್ |
||
| 260 |
_aMangaluru _bNityadhar Prakashan., _c2018 |
||
| 300 | _a107 | ||
| 650 |
_aBesavm _9174471 |
||
| 690 |
_aKonkani Fiction _9174472 |
||
| 906 | _a073263 | ||
| 942 |
_2ddc _cBK |
||
| 999 |
_c123137 _d123137 |
||